000 00720cab a2200205 4500
001 ABS44966
008 090401t1991 xxu||||| |||| 00| 0 eng d
035 _a(Sirsi) u50089
041 _aeng
100 _aHarris, P
245 _aMaking it hard to work
260 _c1991
350 _a0
490 _aEnergy in Buildings
_vJuly/August 1991, 28-29(2)
520 _aReviews the CIBSE Applications Manual, "Energy audits and surveys", designed to encourage organisations to undertake energy surveys and to implement energy saving measures, complicates rather than clarifies the issues.
650 _aENERGY EFFICIENCY
690 _aENVIRONMENTAL AND LAND CONSULTANCY-ENERGY
942 _n0
948 _c04/03/1997
999 _c31298
_d31298